00525nam a2200157Ia 4500008004100000041000800041082001800049100001600067245005800083250001400141260003200155300003100187365001100218999001500229952012300244240624s9999 xx 000 0 und d aeng a658.40714 SLO aSLOANE PAUL aLEADER S GUIDE TO LATERAL THINKING SKILLS UNLOCKING T a(2nd ed.) c2007aNew DelhibKogan Page avii, : 183 : p. : cm. ; 23 cRSb32 c7654d7654 00104070aIMTNbIMTNcRack 31-Bd2007-12-04eAPg250.00o658.40714 SLOp7654r2024-06-24 00:00:00t1w2024-06-24yBK